Ser inmigrante entre el Sama y el Loa 1880-1970: integración económica y social en un espacio de frontera

Збережено в:
Бібліографічні деталі
Автор: Díaz Aguad, Alfonso (autor)
Формат: Книга
Мова:Іспанська
Опубліковано: Arica, Chile: Ediciones Universidad de Tarapacá, 2017.
Предмети:
Онлайн доступ:Disponible Online - Universidad deTarapacá
Теги: Додати тег
Немає тегів, Будьте першим, хто поставить тег для цього запису!

MARC

LEADER 00000cam a2200000 a 4500
001 UCC2948
003 CL-VaPUC
005 20240419131647.0
008 180329e20170000cl |||||||||||||||||spa|d
999 |c 370832  |d 370830 
020 |a 9789567021819 
040 |c Pontificia Universidad Católica de Valparaíso 
082 0 4 |a 325.10983 DIA 2017  |2 21 
100 0 |a Díaz Aguad, Alfonso  |e autor  |9 596938 
245 1 0 |a Ser inmigrante entre el Sama y el Loa 1880-1970: integración económica y social en un espacio de frontera 
260 |a Arica, Chile:  |b Ediciones Universidad de Tarapacá,  |c 2017. 
300 |a 150 páginas.  
500 |a c.2. Profesor Ricardo Iglesias S. (Director) MEM HIS/005 - 9-4-2024 
583 |a last modification  |c 20180329 11:34:00  |k Rodrigo Vera 
650 |a Inmigración   |z Chile  |y Siglos 19-20  |9 888488 
856 |u http://sb.uta.cl/libros/38385-SER%20INMIGRANTE%20WEB.pdf  |y Disponible Online - Universidad deTarapacá 
942 |c BK  |2 ddc 
945 |d 20180329 11:34:00  |a dcastane 
952 |0 0  |1 0  |3 erb  |4 0  |6 325_109830000000000_DIA_2017  |7 0  |8 A  |9 487503  |a BIBHIS  |b BIBHIS  |i 5460603  |o 325.10983 DIA 2017  |p 5460603  |r 2025-01-20  |w 2019-11-24  |y BK  |z Catalogado en:20180329  |k HIS 
952 |0 0  |1 0  |2 ddc  |4 0  |6 325_109830000000000_DIA_2017  |7 0  |8 A  |9 594142  |a BIBHIS  |b BIBHIS  |d 2024-04-19  |e Donación   |i 5660714  |o 325.10983 DIA 2017  |p 5660714  |r 2025-01-20  |t 2  |w 2024-04-19  |y BK  |k HIS